000 00544nam a2200169 4500
001 122241
003 ES-MaACL
005 20230906191934.0
007 t|
008 070214s1971 sp r ||||1| spa d
100 1 _aPrieto Escudero, Germán.
_993926
245 1 3 _aEl estado del pensamiento español en 1854 /
_cGermán Prieto Escudero.
260 _aMadrid :
_b[s. n.],
_c1971.
300 _a9 h. ;
_c24 cm.
500 _aEs tirada aparte de: Revista de Estudios Políticos, nº 175, pp. 41 - 58.
852 _aES-MaACL
_j2076-F-13
_bR.77984
999 _c122241
_d122241